Statistiques concernant Les Gares du RER B

Cliquez ici pour prendre le quiz!

Statistiques générales

  • Ce quiz a été pris 58 fois
  • Le résultat moyen est 29 sur 47

Statistiques - réponses

BrancheGaresCorrespondance% Correct
Châtelet -Les HallesRER A D Métro 1 4
7 11 14
91%
Luxembourg
86%
Saint-Michel Notre DameRER C Métro 10 (4)
86%
B4AntonyOrlyVal
84%
Denfert RochereauMétro 4 6
84%
Port Royal
84%
Cité UniversitaireTram 3a
81%
B2Robinson
79%
Gentilly
77%
B4Massy PalaiseauRER C TGV
77%
B4Parc de Sceaux
77%
Arcueil Cachan
74%
Bourg la Reine
74%
Laplace
74%
B4Saint-Remy lès Chevreuse
74%
B2Sceaux
74%
Bagneux
67%
La Plaine-Stade de France
67%
B4Massy VerrièresRER C
67%
B5Mitry-ClayeTrain K
65%
Aulnay sous Bois
63%
Drancy
63%
B4Orsay Ville
63%
B4Gif sur Yvette
60%
B4La Croix de BernyTVM bus
60%
B4Lozère
58%
B4Palaiseau
58%
B3Aéroport Charles de
Gaulle 1
56%
Le BourgetTram 11
56%
B4Les Baconnets
56%
B4Fontaine Michalon
53%
B2Fontenay aux Roses
53%
B4Le Guichet
53%
B4Palaiseau Villebon
53%
B3Villepinte
53%
B3Sevran Beaudottes
51%
La Courneuve Aubervilliers
49%
B4La Hacquinière
49%
B3Parc des Expositions
49%
B4Bures sur Yvette
47%
B3Aéroport Charles de
Gaulle 2 TGV
TGV
44%
Le Blanc MesnilTrain K Tram 4
42%
B5Sevran Livry
42%
B4Courcelles sur Yvette
37%
Paris Gare du NordRER D E Train H K
Métro 2 4 5 TGV
33%
B5Vert Galant
30%
B5Villeparisis Mitry le Neuf
21%

Distribution des résultats

Percentile par nombre de réponses

% des personnes avec chaque résultat

Votre développement - résultats

Vous n’avez pas pris ce quiz